MARC

LEADER 00000nam0a2200000 4500
001 323284
005 20231102003545.0
035 |a (RuTPU)RU\TPU\book\348857 
090 |a 323284 
100 |a 20161014d1947 km y0rusy50 ca 
101 0 |a rus 
102 |a RU 
105 |a a z 000zy 
200 1 |a Гипсоизвестковые сухие смеси и гипсоглиняные растворы  |f А. В. Волженский 
210 |a Москва  |c Бюро технической информации  |d 1947 
215 |a 72 с.  |c ил. 
606 1 |a Смеси строительные  |2 stltpush  |3 (RuTPU)RU\TPU\subj\55313  |9 73356 
610 1 |a гипсоизвестковые сухие смеси 
610 1 |a известь 
610 1 |a гашение 
610 1 |a тепло 
610 1 |a использование 
610 1 |a гипсоизвестковые вяжущие 
610 1 |a изготовление 
610 1 |a опытное производство 
610 1 |a контроль 
610 1 |a гипсоглиняные растворы 
610 1 |a применение 
610 1 |a штукатурные работы 
675 |a 691.53  |v 4 
700 1 |a Волженский  |b А. В. 
801 1 |a RU  |b 63413507  |c 20161014 
801 2 |a RU  |b 63413507  |c 20200728  |g RCR 
942 |c BK